| 000 | 00480nam a2200181Ia 4500 | ||
|---|---|---|---|
| 005 | 20250508163051.0 | ||
| 008 | 008 250505s9999 xx 000 0 eng d | ||
| 037 | _aTextual | ||
| 040 |
_aFEDL _beng _cFEDL |
||
| 041 |
_aeng _2eng |
||
| 084 |
_a597, DEO _qFEDL |
||
| 100 |
_aDeoras P J _9774652 |
||
| 245 | 0 | _aSnakes of India | |
| 260 |
_aNew Delhi, India _bNational Book Trust _c1965 |
||
| 300 | _a152p. | ||
| 942 |
_cTEXL _h597, DEO |
||
| 999 |
_c1380621 _d1380621 |
||